Scuffy the tugboat : (Record no. 1146)

MARC details
000 -LEADER
fixed length control field 01336cam a2200325 a 4500
005 - DATE AND TIME OF LATEST TRANSACTION
control field 20230825143934.0
020 ## - INTERNATIONAL STANDARD BOOK NUMBER
International Standard Book Number 033500713002
040 ## - CATALOGING SOURCE
Original cataloging agency DLC
Transcribing agency DLC
Modifying agency DLC
Language of cataloging eng
050 00 - LIBRARY OF CONGRESS CALL NUMBER
Classification number PZ7.C8466
Item number Scd 1993
082 00 - DEWEY DECIMAL CLASSIFICATION NUMBER
Classification number Fic
Edition number 20
100 1# - MAIN ENTRY--PERSONAL NAME
Personal name Crampton, Gertrude,
Dates associated with a name 1909-1996.
245 10 - TITLE STATEMENT
Title Scuffy the tugboat :
Remainder of title based on the original story by Gertrude Crampton /
Statement of responsibility, etc. illustrated by Gordon T. Olson.
260 ## - PUBLICATION, DISTRIBUTION, ETC.
Place of publication, distribution, etc. Racine, Wis. :
Name of publisher, distributor, etc. Western Publishing Company, Inc.,
Date of publication, distribution, etc. 1955.
300 ## - PHYSICAL DESCRIPTION
Extent 23 unnumbered pages:
Other physical details colors illustrations. ;
Dimensions 21 cm
490 0# - SERIES STATEMENT
Series statement A little golden book
500 ## - GENERAL NOTE
General note "A Golden book, New York."
505 ## - FORMATTED CONTENTS NOTE
Formatted contents note F <br/>
520 ## - SUMMARY, ETC.
Summary, etc. Meant for “bigger things,” Scuffy the Tugboat sets off to explore the world. But on his daring adventure Scuffy realizes that home is where he’d rather be, sailing in his bathtub. For over 50 years, parents and children have cherished this classic Little Golden Book.
521 1# - TARGET AUDIENCE NOTE
Target audience note 310 <br/>
Source Lexile <br/>
521 1# - TARGET AUDIENCE NOTE
Target audience note F <br/>
Source Raz-Plus <br/>
650 #0 - SUBJECT ADDED ENTRY--TOPICAL TERM
Topical term or geographic name entry element Sound effects books
Form subdivision Specimens.
650 #1 - SUBJECT ADDED ENTRY--TOPICAL TERM
Topical term or geographic name entry element Tugboats
Form subdivision Fiction.
650 #1 - SUBJECT ADDED ENTRY--TOPICAL TERM
Topical term or geographic name entry element Sound effects books.
650 #1 - SUBJECT ADDED ENTRY--TOPICAL TERM
Topical term or geographic name entry element Toy and movable books.
700 1# - ADDED ENTRY--PERSONAL NAME
Personal name Olson, Gordon T
Relator term illustrator
906 ## - LOCAL DATA ELEMENT F, LDF (RLIN)
a 7
b cbc
c orignew
d 2
e opcn
f 19
g y-gencatlg
942 ## - ADDED ENTRY ELEMENTS (KOHA)
Source of classification or shelving scheme Dewey Decimal Classification
Koha item type Books
Suppress in OPAC No
999 ## -
-- 1146
-- 1146
Holdings
Withdrawn status Lost status Source of classification or shelving scheme Damaged status Not for loan Collection Home library Current library Shelving location Date acquired Total Checkouts Full call number Barcode Date last seen Date last checked out Price effective from Koha item type
    Dewey Decimal Classification     Juvenile Fiction Footprints International School Library Network Toul Kork Campus Footprints International School Library Network Toul Kork Campus   08/03/2023 2 CRA Fic PZ7.C8466 FISBK00179 02/19/2024 02/05/2024 08/03/2023 Books